[Event "Kolkata op 5th"]
[Site "Kolkata"]
[Date "2012.12.03"]
[Round "1"]
[White "Sandipan, Chanda"]
[Black "Khosla, Shiven"]
[Result "1/2-1/2"]
[WhiteElo "2613"]
[BlackElo "2379"]
[PlyCount "134"]
[EventDate "2012.12.03"]
[EventType "swiss"]
[EventRounds "11"]
[EventCountry "IND"]
[SourceTitle "EXT 2014"]
[Source "ChessBase"]
[SourceDate "2013.11.20"]
[SourceVersion "1"]
[SourceVersionDate "2013.11.20"]
[SourceQuality "1"]

1. d4 Nf6 2. Nf3 g6 3. Nbd2 d5 4. c4 c6 5. e3 Bg7 6. Be2 0-0 7. 0-0 Nbd7 8. b4 a5 9. b5 dxc4 10. bxc6 bxc6 11. Nxc4 c5 12. Ba3 Ba6 13. Rc1 cxd4 14. Nxd4 Rc8 15. Qe1 Bxc4 16. Rxc4 Rxc4 17. Bxc4 Ne5 18. Bb5 Nd5 19. h3 Qb6 20. Qc1 Nb4 21. Qd2 Nf3+ 22. gxf3 Bxd4 23. Bxb4 axb4 24. Qxb4 Bc5 25. Qb3 Rd8 26. Bc4 Qf6 27. Rd1 Bd6 28. Bd5 Rb8 29. Qd3 Qg5+ 30. Kf1 Qh4 31. Bb3 Qxh3+ 32. Ke2 Qd7 33. a4 Qc7 34. Qd5 e6 35. Qxd6 Qxd6 36. Rxd6 Rxb3 37. Rd3 Rb2+ 38. Rd2 Rb7 39. a5 Kf8 40. Kd3 Ra7 41. Ra2 Ke7 42. Kc4 Kd6 43. Kb5 Rb7+ 44. Ka6 Rb1 45. Ka7 h5 46. f4 Kc7 47. Rc2+ Kd7 48. a6 Rb3 49. e4 Rb4 50. f3 Rb3 51. Rf2 Kc7 52. Rf1 Kd7 53. Rf2 Kc7 54. f5 gxf5 55. exf5 exf5 56. Rh2 Rxf3 57. Rxh5 Kd6 58. Kb6 Rb3+ 59. Ka5 Ke5 60. Rh7 Ra3+ 61. Kb6 f4 62. a7 f3 63. Rxf7 Ke4 64. Rh7 Rxa7 65. Rxa7 f2 66. Rf7 Ke3 67. Rxf2 Kxf2 1/2-1/2

[Event "London Big Slick GM 2nd"]
[Site "London"]
[Date "2011.07.03"]
[Round "9"]
[White "Eggleston, David"]
[Black "Khosla, Shiven"]
[Result "1/2-1/2"]
[WhiteElo "2319"]
[BlackElo "2391"]
[PlyCount "108"]
[EventDate "2011.06.25"]
[EventType "tourn"]
[EventRounds "9"]
[EventCountry "ENG"]
[EventCategory "7"]
[SourceTitle "CBM 143 Extra"]
[Source "ChessBase"]
[SourceDate "2011.08.29"]
[SourceVersion "1"]
[SourceVersionDate "2011.08.29"]
[SourceQuality "1"]

1. e4 c5 2. Nf3 d6 3. d4 cxd4 4. Nxd4 Nf6 5. Nc3 Nc6 6. Bg5 e6 7. Qd2 Qb6 8. 0-0-0 Qxd4 9. Qxd4 Nxd4 10. Rxd4 Bd7 11. f3 Rc8 12. Nb5 Rc5 13. Bxf6 Bxb5 14. b4 Bxf1 15. bxc5 Bxg2 16. Rg1 Bxf3 17. Rg3 gxf6 18. Rxf3 dxc5 19. Ra4 a6 20. Rxf6 Bd6 21. Rf2 h5 22. Ra3 Ke7 23. c4 Be5 24. Rb3 Rb8 25. a4 b6 26. Kc2 a5 27. h4 Bd4 28. Rg2 Bf6 29. Rf3 Rf8 30. Rb3 Rb8 31. Rd3 Rh8 32. Kd1 Rc8 33. Ke2 Rb8 34. Kf3 Bxh4 35. Rh2 Bf6 36. Rxh5 Bd4 37. e5 Kd7 38. Rh7 Ke7 39. Ke4 Rg8 40. Rf3 Rf8 41. Rg3 Ba1 42. Rgg7 Bd4 43. Kf4 Bb2 44. Rg3 Bd4 45. Rb3 Rb8 46. Rh1 Kd7 47. Rhb1 Kc7 48. Ke4 Kc6 49. Rf3 Rh8 50. Rxf7 Rh4+ 51. Rf4 Rh5 52. Rf3 Rh4+ 53. Rf4 Rh5 54. Rf3 Rh4+ 1/2-1/2

[Event "London Big Slick GM 2nd"]
[Site "London"]
[Date "2011.06.26"]
[Round "2"]
[White "Khosla, Shiven"]
[Black "Houska, Jovanka"]
[Result "1/2-1/2"]
[WhiteElo "2391"]
[BlackElo "2429"]
[PlyCount "89"]
[EventDate "2011.06.25"]
[EventType "tourn"]
[EventRounds "9"]
[EventCountry "ENG"]
[EventCategory "7"]
[SourceTitle "CBM 143 Extra"]
[Source "ChessBase"]
[SourceDate "2011.08.29"]
[SourceVersion "1"]
[SourceVersionDate "2011.08.29"]
[SourceQuality "1"]

1. e4 c6 2. d4 d5 3. Nc3 dxe4 4. Nxe4 Bf5 5. Ng3 Bg6 6. h4 h6 7. Nf3 Nd7 8. h5 Bh7 9. Bd3 Bxd3 10. Qxd3 e6 11. Bf4 Qa5+ 12. Bd2 Bb4 13. c3 Be7 14. c4 Qc7 15. 0-0-0 Ngf6 16. Kb1 0-0 17. Qe2 b5 18. c5 Rfd8 19. Ne4 Nxe4 20. Qxe4 Nf6 21. Qe2 Ng4 22. Rh3 e5 23. Rg3 f5 24. Nxe5 Rxd4 25. Nxg4 Rxg4 26. Rxg4 fxg4 27. Qxg4 Rd8 28. Qe6+ Kh8 29. Kc2 Bxc5 30. Bf4 Qa5 31. Rxd8+ Qxd8 32. Bxh6 Bxf2 33. Bd2 c5 34. h6 Bd4 35. hxg7+ Bxg7 36. Bc3 Bxc3 37. bxc3 Qa5 38. g4 b4 39. g5 Qa4+ 40. Qb3 Qa6 41. cxb4 cxb4 42. Qd5 Kg7 43. Kd2 Kg6 44. Ke3 Qc8 45. Qe4+ 1/2-1/2

[Event "Dubai op 13th"]
[Site "Dubai"]
[Date "2011.04.13"]
[Round "4"]
[White "Khosla, Shiven"]
[Black "Mehdi, Samer"]
[Result "0-1"]
[WhiteElo "2391"]
[BlackElo "2078"]
[PlyCount "140"]
[EventDate "2011.04.10"]
[EventType "swiss"]
[EventRounds "9"]
[EventCountry "UAE"]
[SourceTitle "CBM 141 Extra"]
[Source "ChessBase"]
[SourceDate "2011.05.03"]
[SourceVersion "1"]
[SourceVersionDate "2011.05.03"]
[SourceQuality "1"]

1. e4 Nf6 2. e5 Nd5 3. d4 d6 4. Nf3 dxe5 5. Nxe5 c6 6. Be2 Bf5 7. 0-0 Nd7 8. Nf3 e6 9. Re1 Be7 10. c3 0-0 11. Bf1 Qc7 12. Nbd2 h6 13. a3 b5 14. Ne4 Rfe8 15. h3 a5 16. a4 bxa4 17. Rxa4 c5 18. Bb5 Red8 19. Bxd7 Rxd7 20. Ne5 Rdd8 21. Qh5 Rf8 22. Nxc5 Nb6 23. Ra1 Bxc5 24. dxc5 Qxc5 25. Ng4 Nd7 26. Be3 Qd5 27. Red1 Bxg4 28. Qxg4 Nf6 29. Rxd5 Nxg4 30. Rdxa5 Rxa5 31. Rxa5 Nxe3 32. fxe3 Rb8 33. b4 Rc8 34. Ra3 Kf8 35. Kf2 Ke7 36. Ke2 f5 37. Ra7+ Kd6 38. Kd3 g5 39. c4 Rd8 40. Kd4 e5+ 41. Kc3 e4 42. Kd2 f4 43. Ke2 Rb8 44. Ra6+ Ke5 45. Ra5+ Ke6 46. Ra4 Kd6 47. Kd2 f3 48. gxf3 exf3 49. Ke1 h5 50. Kf2 g4 51. hxg4 hxg4 52. Ra6+ Ke5 53. Ra5+ Kf6 54. Rb5 Rc8 55. c5 Rh8 56. Rb6+ Kf5 57. Rb7 Rh2+ 58. Kg3 Rg2+ 59. Kh4 Rh2+ 60. Kg3 Rg2+ 61. Kh4 f2 62. Rf7+ Ke6 63. Rf8 Ke7 64. Rf4 g3 65. b5 Rg1 66. Kh3 f1Q+ 67. Rxf1 Rxf1 68. Kxg3 Rc1 69. c6 Rb1 70. c7 Kd7 0-1

[Event "Dubai op 13th"]
[Site "Dubai"]
[Date "2011.04.11"]
[Round "2"]
[White "Khosla, Shiven"]
[Black "Gagunashvili, Merab"]
[Result "0-1"]
[WhiteElo "2391"]
[BlackElo "2599"]
[PlyCount "100"]
[EventDate "2011.04.10"]
[EventType "swiss"]
[EventRounds "9"]
[EventCountry "UAE"]
[SourceTitle "CBM 141 Extra"]
[Source "ChessBase"]
[SourceDate "2011.05.03"]
[SourceVersion "1"]
[SourceVersionDate "2011.05.03"]
[SourceQuality "1"]

1. e4 d6 2. d4 Nf6 3. Nc3 e5 4. Nf3 Nbd7 5. Bc4 Be7 6. 0-0 0-0 7. Re1 a6 8. a4 b6 9. b3 c6 10. Bb2 Bb7 11. d5 Nc5 12. b4 cxd5 13. Bxd5 Bxd5 14. bxc5 Bc6 15. cxd6 Qxd6 16. Qe2 Qe6 17. Ba3 Rfc8 18. Red1 Bxa3 19. Rxa3 Bb7 20. Rb3 Rc5 21. Qd3 Rac8 22. Ng5 Qe7 23. Qe3 Ng4 24. Qd2 h6 25. Nf3 Qc7 26. Qd7 Rxc3 27. Rxc3 Qxd7 28. Rxd7 Rxc3 29. Rxb7 Rxc2 30. g3 Rb2 31. a5 b5 32. Rd7 f6 33. Rd6 Nxf2 34. Nd2 Nd1 35. Kf1 Ne3+ 36. Ke1 Nc4 37. Nxc4 bxc4 38. Rxa6 Rxh2 39. Kd1 Ra2 40. Kc1 c3 41. Ra7 Kh7 42. a6 h5 43. Kb1 c2+ 44. Kc1 Kh6 45. Kd2 g6 46. Ra8 g5 47. Kc1 Kg6 48. Kd2 h4 49. gxh4 gxh4 50. Rg8+ Kh5 0-1

[Event "Groningen op-A"]
[Site "Groningen"]
[Date "2010.12.28"]
[Round "7"]
[White "Khosla, Shiven"]
[Black "Pruijssers, Roeland"]
[Result "1/2-1/2"]
[WhiteElo "2354"]
[BlackElo "2487"]
[PlyCount "77"]
[EventDate "2010.12.21"]
[EventType "swiss"]
[EventRounds "9"]
[EventCountry "NED"]
[SourceTitle "CBM 140 Extra"]
[Source "ChessBase"]
[SourceDate "2011.03.01"]
[SourceVersion "1"]
[SourceVersionDate "2011.03.01"]
[SourceQuality "1"]

1. e4 e5 2. Nf3 Nc6 3. Bb5 a6 4. Ba4 Nf6 5. 0-0 Be7 6. Re1 b5 7. Bb3 d6 8. c3 0-0 9. h3 Nb8 10. d4 Nbd7 11. Nbd2 Bb7 12. Bc2 Re8 13. a4 Bf8 14. Bd3 c6 15. b3 g6 16. Ba3 Qc7 17. Qc2 Bg7 18. dxe5 dxe5 19. c4 bxa4 20. c5 axb3 21. Qxb3 a5 22. Ng5 Nf8 23. Nc4 Ba6 24. Nd6 Re7 25. Bxa6 Rxa6 26. Bb2 h6 27. Ngxf7 Rxf7 28. Bxe5 Qe7 29. Nxf7 Qxf7 30. Qc3 a4 31. Ra3 Qe6 32. Qb4 N8d7 33. Bd6 Ne8 34. Rd1 Kh7 35. Rxa4 Bc3 36. Qa3 Bb2 37. Qb4 Bc3 38. Qa3 Bb2 39. Qb4 1/2-1/2

[Event "Groningen op-A"]
[Site "Groningen"]
[Date "2010.12.23"]
[Round "3"]
[White "Khosla, Shiven"]
[Black "Van Kampen, Robin"]
[Result "0-1"]
[WhiteElo "2354"]
[BlackElo "2454"]
[PlyCount "82"]
[EventDate "2010.12.21"]
[EventType "swiss"]
[EventRounds "9"]
[EventCountry "NED"]
[SourceTitle "CBM 140 Extra"]
[Source "ChessBase"]
[SourceDate "2011.03.01"]
[SourceVersion "1"]
[SourceVersionDate "2011.03.01"]
[SourceQuality "1"]

1. e4 c5 2. Nf3 d6 3. d4 cxd4 4. Nxd4 Nf6 5. Nc3 Nc6 6. Be2 e5 7. Nf3 h6 8. h3 Be7 9. 0-0 0-0 10. Re1 a6 11. a4 Be6 12. Bf1 Qa5 13. Bd2 Qc7 14. Be3 Na5 15. Nd5 Bxd5 16. exd5 Nc4 17. Bd4 Bd8 18. b3 Nb6 19. Bb2 Nbxd5 20. Ba3 Be7 21. c4 Nf4 22. c5 Rad8 23. Qc1 dxc5 24. Nxe5 N4d5 25. Bc4 Bd6 26. Bb2 Rfe8 27. f4 Re7 28. Qc2 Nxf4 29. Qf5 Rde8 30. Bxf7+ Rxf7 31. Nxf7 Qxf7 32. Bxf6 Rxe1+ 33. Rxe1 Qxf6 34. Qc8+ Kh7 35. Qxb7 Qd4+ 36. Kh1 Ne2 37. Qf3 Ng3+ 38. Kh2 Ne4+ 39. Kh1 Nf2+ 40. Kg1 Nd3+ 41. Re3 Qa1+ 0-1

[Event "Wch U14"]
[Site "Porto Carras"]
[Date "2010.10.26"]
[Round "7"]
[White "Laurusas, Tomas"]
[Black "Khosla, Shiven"]
[Result "1-0"]
[WhiteElo "2291"]
[BlackElo "2354"]
[PlyCount "95"]
[EventDate "2010.10.20"]
[EventType "swiss"]
[EventRounds "11"]
[EventCountry "GRE"]
[SourceTitle "EXT 2011"]
[Source "ChessBase"]
[SourceDate "2010.11.26"]
[SourceVersion "1"]
[SourceVersionDate "2010.11.26"]
[SourceQuality "1"]

1. d4 Nf6 2. c4 g6 3. Nc3 Bg7 4. e4 d6 5. Nf3 0-0 6. Be2 e5 7. Be3 Na6 8. d5 Ng4 9. Bg5 f6 10. Bh4 Qe8 11. Nd2 h5 12. h3 Nh6 13. f3 f5 14. a3 g5 15. Bf2 Qg6 16. exf5 Nxf5 17. Bd3 Qf7 18. Nce4 Bh6 19. Qc2 Nd4 20. Qc3 Nc5 21. Nxc5 dxc5 22. 0-0-0 Bf5 23. Rde1 Rae8 24. Be3 b6 25. Be4 Qg6 26. Qd3 Bxe4 27. Nxe4 Nf5 28. Bd2 Nd6 29. Kc2 Nf5 30. Kb1 Nd6 31. Qc2 h4 32. b3 Nf5 33. Ka2 c6 34. dxc6 Nd4 35. Qc1 Ne6 36. Nc3 Nf4 37. Bxf4 gxf4 38. c7 Qxg2+ 39. Qb2 Qxb2+ 40. Kxb2 Rc8 41. Nd5 Kf7 42. Rhg1 Rg8 43. Rxg8 Rxg8 44. Kc2 Bg7 45. Rg1 Rc8 46. Kd3 Bf8 47. Rg5 Bd6 48. Rf5+ 1-0

[Event "Andorra op 28th"]
[Site "La Massana"]
[Date "2010.07.23"]
[Round "7"]
[White "Ipatov, Alexander"]
[Black "Khosla, Shiven"]
[Result "1-0"]
[WhiteElo "2507"]
[BlackElo "2335"]
[PlyCount "57"]
[EventDate "2010.07.17"]
[EventType "swiss"]
[EventRounds "9"]
[EventCountry "AND"]
[SourceTitle "CBM 137 Extra"]
[Source "ChessBase"]
[SourceDate "2010.09.01"]
[SourceVersion "1"]
[SourceVersionDate "2010.09.01"]
[SourceQuality "1"]

1. d4 Nf6 2. Bg5 e6 3. e4 h6 4. Bxf6 Qxf6 5. Nc3 d6 6. Nf3 Nd7 7. Qd2 c6 8. 0-0-0 e5 9. dxe5 Nxe5 10. Nxe5 Qxe5 11. f4 Qe6 12. Qd4 Qf6 13. e5 dxe5 14. fxe5 Qg5+ 15. Kb1 Be6 16. Bc4 Rd8 17. Qxa7 Bxc4 18. Qxb7 Be6 19. Qxc6+ Rd7 20. Nb5 Qd8 21. Rd4 Qb8 22. Rhd1 Qb7 23. Rxd7 Qxc6 24. Nc7+ Qxc7 25. Rxc7 Be7 26. Ra7 Bd8 27. Ra8 Ke7 28. Ra7+ Ke8 29. b4 1-0

[Event "Andorra op 28th"]
[Site "La Massana"]
[Date "2010.07.19"]
[Round "3"]
[White "Pavlovic, Milos M"]
[Black "Khosla, Shiven"]
[Result "1/2-1/2"]
[WhiteElo "2483"]
[BlackElo "2335"]
[PlyCount "80"]
[EventDate "2010.07.17"]
[EventType "swiss"]
[EventRounds "9"]
[EventCountry "AND"]
[SourceTitle "CBM 137 Extra"]
[Source "ChessBase"]
[SourceDate "2010.09.01"]
[SourceVersion "1"]
[SourceVersionDate "2010.09.01"]
[SourceQuality "1"]

1. e4 c5 2. Nf3 d6 3. d4 cxd4 4. Nxd4 Nf6 5. Nc3 Nc6 6. Bg5 e6 7. Qd2 Qb6 8. Bxf6 gxf6 9. Nb3 a6 10. 0-0-0 Bd7 11. f4 0-0-0 12. Be2 Rg8 13. Bh5 Rg7 14. Kb1 Kb8 15. g4 Rc8 16. Rhf1 Na5 17. Nxa5 Qxa5 18. f5 Qe5 19. Rfe1 Rc4 20. Re3 Bc8 21. Rd3 Rc7 22. Re1 Rg8 23. a3 Ka8 24. Na4 Ka7 25. Qf2+ Kb8 26. Nb6 Bh6 27. Rf3 Qb5 28. Rd1 Qe5 29. Re1 Qb5 30. Rb3 Qe5 31. Rb4 Qf4 32. Qe2 Qd2 33. Rc4 Qxe2 34. Rxe2 Rg7 35. Nxc8 Kxc8 36. Rxc7+ Kxc7 37. c3 Bf4 38. Kc2 Kd7 39. Kd3 Ke7 40. a4 Rg8 1/2-1/2

[Event "Paris-ch"]
[Site "Paris"]
[Date "2010.07.09"]
[Round "7"]
[White "Khosla, Shiven"]
[Black "Vidit, Santosh Gujrathi"]
[Result "0-1"]
[WhiteElo "2335"]
[BlackElo "2492"]
[PlyCount "76"]
[EventDate "2010.07.03"]
[EventType "swiss"]
[EventRounds "9"]
[EventCountry "FRA"]
[SourceTitle "CBM 137 Extra"]
[Source "ChessBase"]
[SourceDate "2010.09.01"]
[SourceVersion "1"]
[SourceVersionDate "2010.09.01"]
[SourceQuality "1"]

1. e4 c5 2. Nf3 d6 3. d4 cxd4 4. Nxd4 Nf6 5. Nc3 Nc6 6. Bc4 e6 7. Be3 Be7 8. f4 0-0 9. Qf3 Nxd4 10. Bxd4 Qa5 11. 0-0 Bd7 12. Bb3 Rad8 13. f5 Kh8 14. Rad1 b5 15. a3 Qc7 16. Kh1 a5 17. Qe3 Qb7 18. e5 dxe5 19. Qxe5 Bc6 20. Qg3 a4 21. Ba2 b4 22. axb4 Qxb4 23. Qe5 Bd6 24. Qe2 e5 25. Bxe5 Bxe5 26. Qxe5 Rxd1 27. Rxd1 Qxb2 28. Qc5 Rc8 29. Bd5 Bd7 30. Nxa4 Rxc5 31. Nxb2 Rxd5 32. Re1 Rxf5 33. Nd3 h5 34. Ne5 Be6 35. h3 Rf2 36. c4 Rc2 37. Rd1 Re2 38. Nf3 Bxc4 0-1

[Event "Paris-ch"]
[Site "Paris"]
[Date "2010.07.05"]
[Round "3"]
[White "Khosla, Shiven"]
[Black "Nguyen, Chi Minh"]
[Result "1/2-1/2"]
[WhiteElo "2335"]
[BlackElo "2408"]
[PlyCount "133"]
[EventDate "2010.07.03"]
[EventType "swiss"]
[EventRounds "9"]
[EventCountry "FRA"]
[SourceTitle "CBM 137 Extra"]
[Source "ChessBase"]
[SourceDate "2010.09.01"]
[SourceVersion "1"]
[SourceVersionDate "2010.09.01"]
[SourceQuality "1"]

1. e4 e6 2. d4 d5 3. Nd2 Nc6 4. Ngf3 Nf6 5. e5 Nd7 6. Be2 Be7 7. Nf1 0-0 8. Ne3 f6 9. exf6 Nxf6 10. 0-0 Bd6 11. Re1 Ne4 12. c4 b6 13. g3 Bb7 14. cxd5 exd5 15. Ng2 Nxd4 16. Nxd4 Nxf2 17. Qc2 Nh3+ 18. Kh1 Nf2+ 19. Kg1 Qf6 20. Be3 Rae8 21. Qd2 Bc5 22. b4 Rxe3 23. bxc5 Re4 24. Nf3 Nh3+ 25. Kh1 d4 26. Bc4+ Kh8 27. Rf1 d3 28. Bxd3 Ree8 29. Be2 h6 30. Rae1 Rxe2 31. Qxe2 Bxf3 32. Qe7 Qf5 33. Qe6 Qh5 34. Qe7 Qf5 35. Qe6 Qh5 36. Qe7 Rf7 37. Qh4 Qxh4 38. gxh4 g5 39. cxb6 axb6 40. hxg5 hxg5 41. Rxf3 Rxf3 42. Ne3 Rf2 43. Nd5 Rxa2 44. Nxc7 Nf2+ 45. Kg1 Nh3+ 46. Kh1 g4 47. Rb1 Rd2 48. Ne8 Rf2 49. Nc7 Rd2 50. Ne8 Rf2 51. Nc7 Ng5 52. Rxb6 Nf3 53. Rh6+ Kg7 54. Rh5 Kg6 55. Rh8 Kg7 56. Rh5 Kg6 57. Rh8 Rd2 58. Nb5 Kg7 59. Rh5 Kg6 60. Rh8 Kf5 61. Nc3 Kf4 62. Rf8+ Ke3 63. Re8+ Kd4 64. Ne2+ Kc4 65. Kg2 Nxh2 66. Kxh2 Kd3 67. Kg3 1/2-1/2

[Event "Paris-ch"]
[Site "Paris"]
[Date "2010.07.03"]
[Round "1"]
[White "Khosla, Shiven"]
[Black "Feller, Sebastien"]
[Result "0-1"]
[WhiteElo "2335"]
[BlackElo "2611"]
[PlyCount "80"]
[EventDate "2010.07.03"]
[EventType "swiss"]
[EventRounds "9"]
[EventCountry "FRA"]
[SourceTitle "CBM 137 Extra"]
[Source "ChessBase"]
[SourceDate "2010.09.01"]
[SourceVersion "1"]
[SourceVersionDate "2010.09.01"]
[SourceQuality "1"]

1. e4 c5 2. Nf3 d6 3. d4 cxd4 4. Nxd4 Nf6 5. Nc3 a6 6. Be2 e6 7. f4 Qc7 8. 0-0 Nc6 9. Be3 Be7 10. Kh1 0-0 11. Qe1 Nxd4 12. Bxd4 b5 13. a3 Bb7 14. Qg3 g6 15. Bf3 Nd7 16. Rad1 e5 17. Be3 exf4 18. Bxf4 Ne5 19. Bxe5 dxe5 20. Nd5 Bxd5 21. Rxd5 Rad8 22. Rfd1 Rxd5 23. Rxd5 Qc4 24. Rd1 Rd8 25. Rxd8+ Bxd8 26. Qf2 Qa2 27. g3 Qxb2 28. Qc5 Ba5 29. Be2 Qc1+ 30. Kg2 Qd2 31. Kf3 Bc3 32. Qc8+ Kg7 33. Qxa6 Bd4 34. Qxb5 Qe3+ 35. Kg2 Qxe4+ 36. Bf3 Qxc2+ 37. Be2 Qe4+ 38. Bf3 Qe3 39. Qb7 Qd2+ 40. Kh3 Bg1 0-1

[Event "Mumbai Mayors Cup 3rd"]
[Site "Mumbai"]
[Date "2010.06.08"]
[Round "9"]
[White "Laxman, Rajaram"]
[Black "Khosla, Shiven"]
[Result "1-0"]
[WhiteElo "2476"]
[BlackElo "2337"]
[PlyCount "101"]
[EventDate "2010.06.02"]
[EventType "swiss"]
[EventRounds "11"]
[EventCountry "IND"]
[SourceTitle "CBM 136 Extra"]
[Source "ChessBase"]
[SourceDate "2010.07.02"]
[SourceVersion "2"]
[SourceVersionDate "2010.07.15"]
[SourceQuality "1"]

1. Nf3 Nf6 2. c4 g6 3. Nc3 Bg7 4. d4 0-0 5. e4 d6 6. Be2 e5 7. Be3 Na6 8. 0-0 h6 9. dxe5 Ng4 10. Bd2 Nxe5 11. Be3 Nxf3+ 12. Bxf3 Be6 13. Bd4 Nc5 14. b4 Nd7 15. Be2 a5 16. b5 Re8 17. f4 f5 18. exf5 gxf5 19. Bh5 Re7 20. Bxg7 Rxg7 21. Re1 Nc5 22. Qd4 Kh7 23. Bf3 Rg6 24. Re3 Qf6 25. Qxf6 Rxf6 26. Nd5 Bxd5 27. Bxd5 Rc8 28. Re7+ Kg6 29. Rae1 c6 30. bxc6 bxc6 31. R1e3 Ne4 32. Bxe4 fxe4 33. R3xe4 d5 34. Rd4 c5 35. Rxd5 Rxf4 36. Re6+ Kf7 37. Rxh6 Re8 38. Rd7+ Kg8 39. Rg6+ Kf8 40. Rd1 Rxc4 41. Rf1+ Ke7 42. Re1+ Kf7 43. Rxe8 Kxg6 44. Re2 a4 45. h3 Rc1+ 46. Kf2 a3 47. Kf3 Rf1+ 48. Ke3 Kg5 49. Kd3 Kf4 50. Re4+ Kg3 51. Rg4+ 1-0

[Event "Mumbai Mayors Cup 3rd"]
[Site "Mumbai"]
[Date "2010.06.03"]
[Round "3"]
[White "Fier, Alexandr"]
[Black "Khosla, Shiven"]
[Result "1-0"]
[WhiteElo "2581"]
[BlackElo "2337"]
[PlyCount "67"]
[EventDate "2010.06.02"]
[EventType "swiss"]
[EventRounds "11"]
[EventCountry "IND"]
[SourceTitle "CBM 136 Extra"]
[Source "ChessBase"]
[SourceDate "2010.07.02"]
[SourceVersion "2"]
[SourceVersionDate "2010.07.15"]
[SourceQuality "1"]

1. e4 c5 2. Nf3 d6 3. d4 cxd4 4. Nxd4 Nf6 5. Nc3 Nc6 6. Bg5 e6 7. Qd2 Qb6 8. Nb3 Be7 9. 0-0-0 0-0 10. f3 a6 11. h4 Qc7 12. Be3 b5 13. g4 Bb7 14. g5 Nd7 15. h5 Nce5 16. Nd4 b4 17. Nb1 Rfc8 18. g6 Nxf3 19. gxf7+ Kh8 20. Nxf3 Bxe4 21. Nd4 e5 22. h6 exd4 23. hxg7+ Kxg7 24. Bxd4+ Kxf7 25. Bd3 Bg5 26. Rdf1+ Ke6 27. Qxg5 Bxd3 28. Rh6+ Bg6 29. Qf5+ Ke7 30. Rxh7+ Bxh7 31. Qxh7+ Ke8 32. Qg8+ Ke7 33. Rf7+ Ke6 34. Rf8+ 1-0

[Event "Dubai op 12th"]
[Site "Dubai"]
[Date "2010.04.11"]
[Round "7"]
[White "Mirzoeva, Elmira"]
[Black "Khosla, Shiven"]
[Result "1-0"]
[WhiteElo "2230"]
[BlackElo "2305"]
[PlyCount "77"]
[EventDate "2010.04.05"]
[EventType "swiss"]
[EventRounds "9"]
[EventCountry "UAE"]
[SourceTitle "CBM 135 Extra"]
[Source "ChessBase"]
[SourceDate "2010.05.04"]
[SourceVersion "1"]
[SourceVersionDate "2010.05.04"]
[SourceQuality "1"]

1. d4 Nf6 2. Nf3 g6 3. Bf4 Bg7 4. e3 0-0 5. Be2 d6 6. h3 Nbd7 7. 0-0 Re8 8. c4 b6 9. Nc3 Bb7 10. Bh2 e5 11. d5 Qe7 12. b4 c6 13. e4 cxd5 14. cxd5 Nh5 15. Bb5 Rec8 16. Rc1 Kh8 17. Qa4 Ndf6 18. Bc6 a6 19. Bxb7 Qxb7 20. Rc2 Rc7 21. Rfc1 Bh6 22. Re1 Rac8 23. Qb3 Rc4 24. Bxe5 dxe5 25. Nxe5 Rd4 26. Ne2 Rxc2 27. Nxd4 Rc1 28. Rxc1 Bxc1 29. d6 Qxe4 30. Nxf7+ Kg7 31. Ne6+ Kg8 32. Nfg5 Qe1+ 33. Kh2 Qe5+ 34. f4 Qxd6 35. Nc7+ Nd5 36. Nxd5 Kf8 37. g3 Nf6 38. Ne3 Bxe3 39. Qf7# 1-0

[Event "Dubai op 12th"]
[Site "Dubai"]
[Date "2010.04.06"]
[Round "2"]
[White "Khosla, Shiven"]
[Black "Sanikidze, Tornike"]
[Result "0-1"]
[WhiteElo "2305"]
[BlackElo "2566"]
[PlyCount "84"]
[EventDate "2010.04.05"]
[EventType "swiss"]
[EventRounds "9"]
[EventCountry "UAE"]
[SourceTitle "CBM 135 Extra"]
[Source "ChessBase"]
[SourceDate "2010.05.04"]
[SourceVersion "1"]
[SourceVersionDate "2010.05.04"]
[SourceQuality "1"]

1. e4 e5 2. Nf3 Nc6 3. Bb5 a6 4. Ba4 Nf6 5. 0-0 Be7 6. Re1 b5 7. Bb3 d6 8. c3 0-0 9. d3 Na5 10. Bc2 c5 11. Nbd2 Nd7 12. Nf1 Nb6 13. h3 Re8 14. Ne3 Nc6 15. Bb3 Be6 16. Bd5 Rc8 17. b3 Bf6 18. Bb2 Bxd5 19. exd5 Ne7 20. c4 g6 21. Qd2 Bg7 22. g3 Qd7 23. h4 Rb8 24. Rad1 a5 25. h5 a4 26. hxg6 Nxg6 27. Ba1 Rf8 28. Ng2 f5 29. Qe2 f4 30. Qe4 Qg4 31. Nh2 Qg5 32. Nf3 Qg4 33. Nh2 Qh5 34. g4 Qg5 35. f3 Nd7 36. Nf1 h5 37. gxh5 Nh4 38. Qe2 Nf6 39. h6 Bxh6 40. Nh2 Rb7 41. Qf2 Rg7 42. Rd2 Nxg2 0-1

[Event "Amsterdam Euwe Challenge"]
[Site "Amsterdam"]
[Date "2010.02.28"]
[Round "9"]
[White "Khosla, Shiven"]
[Black "Afek, Yochanan"]
[Result "1/2-1/2"]
[WhiteElo "2291"]
[BlackElo "2280"]
[PlyCount "23"]
[EventDate "2010.02.19"]
[EventType "tourn"]
[EventRounds "9"]
[EventCountry "NED"]
[EventCategory "4"]
[SourceTitle "CBM 135 Extra"]
[Source "ChessBase"]
[SourceDate "2010.05.04"]
[SourceVersion "1"]
[SourceVersionDate "2010.05.04"]
[SourceQuality "1"]

1. e4 c5 2. Nf3 Nc6 3. d4 cxd4 4. Nxd4 g6 5. c4 Bg7 6. Be3 Nf6 7. Nc3 0-0 8. Be2 d6 9. 0-0 Bd7 10. Qd2 Nxd4 11. Bxd4 Bc6 12. f3 1/2-1/2

[Event "Amsterdam Euwe Challenge"]
[Site "Amsterdam"]
[Date "2010.02.23"]
[Round "5"]
[White "Khosla, Shiven"]
[Black "Singh, Gurpreetpal"]
[Result "1-0"]
[WhiteElo "2291"]
[BlackElo "2303"]
[PlyCount "111"]
[EventDate "2010.02.19"]
[EventType "tourn"]
[EventRounds "9"]
[EventCountry "NED"]
[EventCategory "4"]
[SourceTitle "CBM 135 Extra"]
[Source "ChessBase"]
[SourceDate "2010.05.04"]
[SourceVersion "1"]
[SourceVersionDate "2010.05.04"]
[SourceQuality "1"]

1. e4 c5 2. Nf3 Nc6 3. d4 cxd4 4. Nxd4 g6 5. c4 Bg7 6. Be3 Nf6 7. Nc3 Ng4 8. Qxg4 Nxd4 9. Qd1 Ne6 10. Be2 Bxc3+ 11. bxc3 Qa5 12. Qd2 b6 13. 0-0 Bb7 14. f3 g5 15. Rfd1 Bc6 16. Bf1 Rc8 17. c5 bxc5 18. Bxg5 Nxg5 19. Qxg5 Qxc3 20. Rac1 h6 21. Rxc3 hxg5 22. Rxc5 f6 23. Bb5 Kf7 24. Rdc1 Rhd8 25. h3 Rb8 26. Bxc6 dxc6 27. Rxc6 Rb2 28. R1c2 Rd1+ 29. Kh2 Rdb1 30. Rxb2 Rxb2 31. Ra6 Rb7 32. Kg3 Kg6 33. Kg4 Rc7 34. g3 Rd7 35. h4 gxh4 36. gxh4 Kf7 37. Kf5 Rb7 38. f4 Rb5+ 39. e5 fxe5 40. fxe5 Rb4 41. h5 Rh4 42. Rh6 Ra4 43. Rh7+ Ke8 44. Rh8+ Kf7 45. Rh7+ Ke8 46. h6 Rxa2 47. Rh8+ Kd7 48. e6+ Kc7 49. Re8 Rf2+ 50. Kg6 Rg2+ 51. Kf7 Rf2+ 52. Kxe7 Rh2 53. Rh8 a5 54. Kf6 Rf2+ 55. Ke5 Re2+ 56. Kd5 1-0